| 000 | 00717cam a2200241 a 4500 | ||
|---|---|---|---|
| 001 | 3832463 | ||
| 005 | 20171227044139.0 | ||
| 008 | 860714s1986 kyua b 001 0 eng | ||
| 010 | _a 86183050 | ||
| 020 | _a0832201529 (BanksBaldwin) | ||
| 040 |
_aDLC _cDLC _dDLC |
||
| 041 | _aeng | ||
| 043 | _an-us-ky | ||
| 080 | _a346.7690437 FRA | ||
| 082 | 0 | 0 |
_a346.7690437 FRA _a347.6906437 _219 |
| 100 | 1 | _a14 | |
| 101 | _aJUR | ||
| 245 | 1 | 0 |
_aKentucky real estate professionals and the law : _cby Stephen L. Frank. |
| 504 | _aBibliography: p. 505-508. | ||
| 740 | 0 | _aReal estate professionals and the law. | |
| 906 |
_a7 _bcbc _corignew _d2 _encip _f19 _gy-gencatlg |
||
| 942 |
_2ddc _cBK |
||
| 999 |
_c39473 _d39473 |
||